000 00303nam a22001337a 4500
008 171101b xxu||||| |||| 00| 0 eng d
020 _a039395854-X
041 _aeng
080 _a339
100 _a59
101 _aTRE
245 _aALLOCATION, INFORMATION, AND MARKETS
_cEATWELL,J
942 _2udc
_cBK
999 _c37040
_d37040